Global warming for dummies (Record no. 251157)

MARC details
000 -LEADER
fixed length control field 00272nam a2200097Ia 4500
082 ## - DEWEY DECIMAL CLASSIFICATION NUMBER
Classification number 363.73874 MAY
008 - FIXED-LENGTH DATA ELEMENTS--GENERAL INFORMATION
fixed length control field 210817s9999 xx 000 0 und d
100 ## - MAIN ENTRY--PERSONAL NAME
Personal name MAY, Elizabeth Mississauga, ON, [c.2009]
9 (RLIN) 75828
245 #0 - TITLE STATEMENT
Title Global warming for dummies
942 ## - ADDED ENTRY ELEMENTS
item type Books
Holdings
Withdrawn status Lost status Damaged status Not for loan Home library Current library Date acquired Cost, normal purchase price Total Checkouts Barcode Date last seen Price effective from item type
        eMalahleni Main PL (MMID-PLEM) eMalahleni Main PL (MMID-PLEM) 18.08.2021 340.00   33228021470990 18.08.2021 18.08.2021 Books